000 004420000a22001690004500
003 LK-CoMWRAF
008 230817t ||||| |||| 00| 0 eng d
040 _aLK-CoMWRAF
_dLK-CoMWRAF
_eLK-CoMWRAF
041 _aeng
082 _a150
_bBAS
100 _aBasheer,P.Mohamed
245 _aSaththiyaththin kuralvalai Nerikapatta Podhum
_b
260 _aKoyamputhur
_bSamuthaya pathipakam
_c1996
300 _ap.39
650 _aMuslim
942 _cBK
999 _c2649
_d2649